| 000 | 01172nab a22002777a 4500 | ||
|---|---|---|---|
| 005 | 20250522104031.0 | ||
| 006 | a|||||r|||| 00| 0 | ||
| 007 | c| aa aaaaa | ||
| 008 | 250212b2015 ag |||||o|||| 00| 0 spa d | ||
| 040 |
_aAR-EsCIE _cAR-EsCIE |
||
| 245 | 1 | 3 |
_aEl establecimiento de las plantas / _cHéctor Gonda, Miguel Davel, Never Bonino, Liliana Contardi, Silvia Focarazzo, Francisco Calvi, Uriel Mele. |
| 300 | _ap. 165-190. | ||
| 650 | 4 |
_aVIVEROS FORESTALES _9111 |
|
| 650 | 4 |
_aPLANTULAS _9320 |
|
| 700 | 1 |
_aGonda, Héctor E. _q(Héctor Eduardo), _d1957- _9121 |
|
| 700 | 1 |
_aDavel, Miguel M. _q(Miguel Martiniano), _d1960- _9116 |
|
| 700 | 1 |
_aBonino, Never _9442 |
|
| 700 | 1 |
_aContardi, Liliana T. _q(Liliana Teresa), _928 |
|
| 700 | 1 |
_aFocarazzo, Silvia _9443 |
|
| 700 | 1 |
_aCalvi, Francisco _9444 |
|
| 700 | 1 |
_aMele, Uriel _9439 |
|
| 773 |
_gCap. 8 p. 165-190. _tManual de buenas prácticas para el manejo de plantaciones forestales en el noroeste de la patagonia. |
||
| 856 | _uhttps://www.magyp.gob.ar/sitio/areas/desarrollo-foresto-industrial/buenas_practicas/_archivos//000001_Noroeste%20de%20la%20Patagonia.pdf | ||
| 910 | _aPG20250212 | ||
| 942 |
_2ddc _cCF _n0 |
||
| 999 |
_c225 _d225 |
||